[Event "V. Korchnoi Memorial 2019"]
[Site "St. Petersburg"]
[Date "2019.08.15"]
[Round "2.9"]
[White "Krasikov, Vladislav"]
[Black "Sorokin, Aleksey"]
[Result "0-1"]
[WhiteElo "2211"]
[BlackElo "2537"]
[Annotator "TA"]
[PlyCount "87"]
[EventDate "2019.08.13"]
[EventType "swiss"]
[EventCountry "RUS"]
[SourceTitle "playchess.com"]
[Source "ChessBase"]
[SourceQuality "1"]

{[%evp 13,87,20,17,6,43,24,37,9,22,12,14,11,20,23,26,0,0,0,0,-35,-31,-37,-37,-37,-37,-37,-52,-55,-42,-54,-33,-51,-45,-52,-41,-70,-67,-75,-57,-54,-64,-155,-144,-188,-195,-187,-182,-169,-133,-404,-397,-397,-394,-373,-377,-378,-365,-335,-112,-319,-173,-177,-166,-197,-178,-266,-247,-503,-437,-577,-518,-730,-730,-603,-603,-1551]} 1. e4 c6 2. d4 d5 3. Nc3 dxe4 4. Nxe4 Bf5 5. Ng3 Bg6 6. Nf3 e6 7. Bd3 Nf6 8. O-O {B18: Classical Caro-Kann: 4...Bf5 sidelines} Bd6 9. c4 (9. Qe2 O-O 10. Rd1 Qc7 11. b3 Nbd7 12. c4 Rfe8 13. Bb2 e5 14. dxe5 Nxe5 15. Nxe5 Bxe5 {0-1 (119) Erenburg,S (2589)-Mamedyarov,S (2817) chess.com INT 2019}) 9... O-O 10. b3 {White is slightly better.} Nbd7 11. Bb2 Re8 12. Re1 a5 $146 ({Predecessor:} 12... Qc7 13. Ne5 Rad8 14. Nxg6 hxg6 15. Qc2 e5 16. c5 Bf8 17. Bc4 {½-½ (56) Nguyen Huynh Tuan,H (1851)-Bui,T (2142) Ho Chi Minh City 2013}) 13. Bxg6 hxg6 14. Ne4 Nxe4 15. Rxe4 a4 16. Ne5 f5 17. Re3 Nxe5 18. dxe5 Bc5 19. Rd3 Qb6 20. Qc2 axb3 21. Rxb3 Qa7 22. Bc3 Red8 23. g3 Rd7 24. Kg2 g5 25. Qe2 g4 26. a4 Rad8 27. Rab1 (27. a5 $15) 27... b6 $17 28. Bb4 Bxb4 ({But not} 28... Qxa4 29. Bxc5 bxc5 30. Rb8 $15) 29. Rxb4 Rd2 30. Qe1 Qa6 31. h3 $2 {[%mdl 8192]} (31. Kg1 $17) 31... c5 $1 $19 32. R4b2 Qa8+ 33. Kh2 {[#]} gxh3 $1 {[%csl Gh3][%cal Ra8g2][%mdl 512]} 34. Qh1 (34. Kxh3 Kf7) 34... Qxa4 35. Qf3 R2d3 $2 (35... Qxc4 $19 {and Black stays clearly on top. White must now prevent ...Rxb2.} 36. Rxd2 Rxd2 37. Rxb6 Qg4) 36. Qb7 $2 (36. Qh5 $17) 36... R3d7 (36... Qxc4 $142 37. Rg1 Qd4 38. Qxb6 Qxe5) 37. Qxb6 Qxc4 {Hoping for ...Qe4.} 38. Qc6 Kf7 39. Rb7 {[#]} (39. Kxh3 {keeps fighting.} Qd5 40. Qxd5 exd5 41. Kh4) 39... Qd5 $1 {[%cal Rd5c6]} 40. Qxd5 $2 (40. Rxd7+ {only move.} Rxd7 41. Rb6) 40... exd5 {Black is clearly winning.} 41. R7b6 {[#] Strongly threatening e6+.} Rc7 $1 42. Kxh3 c4 43. Rd1 c3 {And now ...d4 would win.} 44. Rc1 {Accuracy: White = 31%, Black = 63%.} 0-1

[Event "V. Korchnoi Memorial 2019"]
[Site "St. Petersburg"]
[Date "2019.08.15"]
[Round "2.10"]
[White "Iljiushenok, Ilia"]
[Black "Arbuzov, Mikhail"]
[Result "1-0"]
[WhiteElo "2533"]
[BlackElo "2198"]
[Annotator "TA"]
[PlyCount "75"]
[EventDate "2019.08.13"]
[EventType "swiss"]
[EventCountry "RUS"]
[SourceTitle "playchess.com"]
[Source "ChessBase"]
[SourceQuality "1"]

{[%evp 9,75,12,19,10,14,19,25,18,35,33,30,24,29,8,22,1,13,6,44,37,52,45,44,34,57,52,70,72,65,70,78,69,77,60,111,111,111,99,122,122,122,125,125,111,111,111,111,111,112,112,199,200,223,191,728,730,772,752,2652,1654,29990,29991,29991,2348,29992,29993,29993,29988]} 1. e4 c5 2. Nf3 d6 3. Bb5+ Nd7 {[%cal Bb8d7,Bd7e5,Be5f3][%mdl 32]} 4. Ba4 (4. O-O a6 5. Bd3 Ngf6 6. Re1 e6 7. a4 b6 8. c3 Bb7 9. Qe2 Qc7 10. Na3 Be7 11. Bb1 e5 12. d4 cxd4 13. cxd4 exd4 14. Nxd4 {½-½ (42) Jakovenko,D (2719)-Ding,L (2809) Shenzhen 2019}) 4... Ngf6 5. O-O e6 6. Qe2 {B51: Sicilian: Moscow Variation (3 Bb5+) without 3...Bd7} Be7 7. c3 a6 8. Bc2 {White has an edge.} Ne5 9. d4 Nxf3+ 10. Qxf3 Qc7 11. Qe2 $146 ({Predecessor:} 11. dxc5 dxc5 12. Bf4 e5 13. Bg3 c4 14. h3 Be6 15. Nd2 {0-1 (45) Radocaj,R (2110)-Belamaric,T (2180) Porec 1998}) 11... Bd7 12. Bd3 Rc8 13. Nd2 e5 14. dxe5 dxe5 15. a4 O-O 16. a5 Be6 17. Bc4 Qc6 18. Bxe6 Qxe6 19. Nc4 h6 20. f3 Rc6 21. Be3 Bd8 ({Black should play} 21... Ne8 $14) 22. b3 $16 Bc7 23. Qf2 Qe7 24. Rfd1 Rd8 25. Rxd8+ Bxd8 26. Qg3 Nd7 27. Rd1 Bc7 28. Qg4 Nf8 29. Rd5 $36 {[%mdl 2048] White is really pushing.} Kh8 (29... Bb8 $16 30. Kf1 Kh8) 30. Qc8 $18 Bxa5 31. Qa8 ({But not} 31. Rxe5 $6 Rxc8 32. Rxe7 Bxc3 $16) 31... Bxc3 $2 {[#]} (31... Bc7 32. h3 (32. Qxb7 Qe8 $18) 32... Kh7 33. Qxb7 Qe8 34. Bxc5 (34. Rxc5 Rxc5 35. Bxc5 Ne6 $16) 34... Ne6) 32. Rd8 $1 {[%cal Bd5d8,Bd8e8,Be8f8,Bf8h8,Bh8h6][%mdl 32]} Kg8 33. Re8 Qh4 34. g3 Qf6 35. Rxf8+ Kh7 36. Rh8+ Kg6 {[#]} 37. Qg8 $1 {[%csl Ge3][%cal Rh8h6]} Kh5 38. Rxh6+ {Accuracy: White = 81%, Black = 42%.} 1-0

[Event "V. Korchnoi Memorial 2019"]
[Site "St. Petersburg"]
[Date "2019.08.16"]
[Round "3.1"]
[White "Kamsky, Gata"]
[Black "Smirnov, Timofey"]
[Result "1-0"]
[WhiteElo "2673"]
[BlackElo "2354"]
[Annotator "RC"]
[PlyCount "61"]
[EventDate "2019.08.13"]
[EventType "swiss"]
[EventCountry "RUS"]
[SourceTitle "playchess.com"]
[Source "ChessBase"]
[SourceQuality "1"]
[TimeControl "5400+30"]

1. g3 {[%emt 0:00:22]} d5 {[%emt 0:00:00]} 2. Bg2 {[%emt 0:00:06]} Nf6 {[%emt 0:00:19]} 3. f4 {[%emt 0:00:26]} c5 {[%emt 0:02:05]} 4. Nf3 {[%emt 0:00:08]} Nc6 {[%emt 0:00:22]} 5. d3 {[%emt 0:00:08]} e6 {[%emt 0:02:08]} 6. O-O {[%emt 0:00:45]} Be7 {[%emt 0:01:06]} 7. Nc3 {[%emt 0:06:45]} O-O {[%emt 0:05:22]} 8. e4 {[%emt 0:00:19]} Rb8 {[%emt 0:01:40]} 9. Ne5 {[%emt 0:00:54]} Nd4 {[%emt 0:14:51]} 10. a4 {[%emt 0:05:41]} a6 {[%emt 0:12:07]} 11. a5 {[%emt 0:02:26]} dxe4 {[%emt 0:01:25]} 12. Nxe4 {[%emt 0:00:23]} Nd7 {[%emt 0:02:14]} 13. Be3 {[%emt 0:09:36]} Nf5 {[%emt 0:21:44]} 14. Bf2 {[%emt 0:00:09]} Qc7 {[%emt 0:00:11]} 15. c3 {[%emt 0:03:31]} Nf6 {[%emt 0:10:02]} 16. b4 {[%emt 0:05:10]} Nd5 {[%emt 0:02:24]} 17. Qc1 {[%emt 0:13:37]} cxb4 {[%emt 0:08:34]} 18. c4 {[%emt 0:00:08]} Nc3 {[%emt 0:00:05]} 19. Nxc3 {[%emt 0:00:06]} bxc3 {[%emt 0:00:03]} 20. Qxc3 {[%emt 0:00:07]} Rd8 {[%emt 0:00:35]} 21. Rad1 {[%emt 0:11:23]} Bc5 {[%emt 0:04:52]} 22. d4 {[%emt 0:00:27]} Bd6 {[%emt 0:00:09]} 23. Rb1 {[%emt 0:15:15]} f6 {[%emt 0:02:45]} 24. Nd3 {[%emt 0:00:40]} Bd7 {[%emt 0:04:31]} 25. Rb6 {[%emt 0:00:43]} Rdc8 {[%emt 0:01:03]} 26. c5 {[%emt 0:01:58]} Bf8 {[%emt 0:00:32]} 27. Qb3 {[%emt 0:00:43]} Re8 {[%emt 0:00:41]} 28. g4 {[%emt 0:02:55]} Ne7 {[%emt 0:00:36]} 29. f5 {[%emt 0:00:15]} Nc6 {[%emt 0:00:06]} 30. Bg3 {[%emt 0:01:30]} Qd8 {[%emt 0:00:28]} 31. Bxb8 {[%emt 0:00:15]} 1-0

[Event "V. Korchnoi Memorial 2019"]
[Site "St. Petersburg"]
[Date "2019.08.16"]
[Round "3.2"]
[White "Yashmetov, Mikhail"]
[Black "Chigaev, Maksim"]
[Result "0-1"]
[WhiteElo "2350"]
[BlackElo "2643"]
[Annotator "TA"]
[PlyCount "94"]
[EventDate "2019.08.13"]
[EventType "swiss"]
[EventCountry "RUS"]
[SourceTitle "playchess.com"]
[Source "ChessBase"]
[SourceQuality "1"]

{[%evp 12,94,-18,-2,0,-7,-8,-29,-14,-11,-12,-36,-30,-16,-8,-57,-23,-18,-11,-52,-43,-49,-61,-72,90,85,71,-348,-101,-94,-94,-94,-101,-104,-5,-22,-22,-22,66,-114,-114,-150,-139,-147,-139,-131,-131,-147,-139,-141,-137,-120,-99,-191,-49,-62,-65,-68,-62,-68,-68,-78,-16,-22,-22,-23,-8,-8,-8,-313,-299,-416,-386,-780,-741,-29982,-29983,-29987,-29988,-29988,-29989,-29991,-29992,-29992,-29993]} 1. Nf3 g6 2. g3 Bg7 3. d4 c5 4. Bg2 cxd4 5. Nxd4 Nc6 6. Nxc6 bxc6 7. O-O h5 {A04: Unusual lines after 1 Nf3 and King's Indian Attack} 8. h4 Rb8 $146 ({Predecessor:} 8... Nh6 9. c3 O-O 10. Qc2 Ng4 11. Nd2 d5 12. Nf3 e5 13. Nh2 Nf6 14. Bg5 Qb6 15. Be3 {0-1 (45) Taylor,A (2133)-Jones,G (2681) Daventry 2019}) 9. c4 Nh6 {Black has an edge.} 10. Nc3 Nf5 11. e4 Nd6 12. Qd3 Qa5 $1 13. e5 Nf5 14. Re1 O-O 15. Rb1 d6 $1 16. exd6 Nxd6 {aiming for ...Bf5.} 17. Rxe7 Bf5 $2 (17... Nf5 $17 18. Re1 Rd8) 18. Qxd6 $16 {Be4 is the strong threat.} Bxc3 19. Be4 $2 {[%mdl 8192]} ({Don't blunder} 19. Bxc6 $2 Rbd8 $19) (19. Qxc6 $2 Bb4 $19) (19. Be3 $16 {keeps the pressure on.}) 19... Bb4 $2 (19... Bxe4 $19 {is more deadly.} 20. Rxe4 Rbd8) 20. Qe5 $17 Qxe5 21. Rxe5 Rbe8 $1 {[%cal Re8e5]} 22. Rxf5 Rxe4 (22... gxf5 $17 23. Bxf5 Re5) 23. Rf6 Re1+ 24. Kg2 Rd8 (24... Rc8 $11) 25. a3 $2 (25. Rxc6 $14 {was forced to keep a grip.} Rdd1 26. Bd2 Rxb1 27. Bxb4) 25... Bf8 ({Reject} 25... Bd2 $6 26. Bxd2 Rxb1 27. Bc3 $14) 26. Rxc6 Rdd1 27. b4 Rxc1 28. Rxc1 Rxc1 {[%mdl 4096] Endgame KRB-KR} 29. c5 {[#]} a5 $1 30. Rb6 (30. bxa5 Rxc5) 30... Rc4 31. Kf1 Kg7 32. Ke2 (32. Rb5 $17 {was the only defense.}) 32... axb4 (32... Rc2+ $19 33. Kd3 Rxf2) 33. axb4 $15 Rc2+ 34. Kf3 Be7 35. Rb7 Bf6 {And now ...Bd4 would win.} 36. Ke3 g5 ({Black should play} 36... Bb2 $17 {Strongly threatening ...Kf6.} 37. Kd3 Rc3+ 38. Ke4 Rc2) 37. hxg5 $11 Bxg5+ 38. Kd3 Rxf2 39. c6 Rf3+ 40. Ke2 $2 {[%mdl 8192]} (40. Ke4 $1 $11 {and White stays safe.} Rxg3 41. c7) 40... Rxg3 $19 41. c7 Rc3 42. b5 $2 (42. Rb5 Bf4 43. Rxh5) 42... h4 {Threatens to win with ...h3.} 43. b6 {[#]} h3 $1 {Black mates.} 44. Ra7 h2 45. Ra1 Bc1 46. c8=Q Rxc8 47. b7 Re8+ {Accuracy: White = 39%, Black = 54%.} 0-1

[Event "V. Korchnoi Memorial 2019"]
[Site "St. Petersburg"]
[Date "2019.08.16"]
[Round "3.3"]
[White "Zvjaginsev, Vadim"]
[Black "Zakaryan, David"]
[Result "1-0"]
[WhiteElo "2639"]
[BlackElo "2351"]
[Annotator "TA"]
[PlyCount "61"]
[EventDate "2019.08.13"]
[EventType "swiss"]
[EventCountry "RUS"]
[SourceTitle "playchess.com"]
[Source "ChessBase"]
[SourceQuality "1"]

{[%evp 13,61,25,27,14,29,29,25,31,36,32,51,46,39,40,63,33,29,15,29,-12,-18,-22,62,70,57,58,59,62,58,46,56,48,60,66,62,71,208,205,193,190,178,189,180,164,237,225,242,262,239,231]} 1. e4 c6 2. d4 d5 3. exd5 cxd5 4. Bd3 Nc6 5. c3 Qc7 6. h3 Nf6 7. Nf3 g6 8. Qc2 {B13: Caro-Kann: Exchange Variation and Panov-Botvinnik Attack} Bg7 9. O-O O-O 10. Re1 {White has an edge.} Nh5 11. Be3 Re8 12. Na3 $146 ({Predecessor:} 12. Nbd2 Nf4 13. Bf1 Bf5 14. Qb3 h5 15. Bxf4 Qxf4 16. Qxd5 {1-0 (54) Aronian,L (2765)-Praggnanandhaa,R (2530) Kolkata 2018}) 12... a6 13. Qd2 b5 14. Rac1 Bb7 15. Bh6 f6 16. Bf1 Bxh6 17. Qxh6 Qf4 ({Better is} 17... Nd8 $11) 18. Qxf4 $14 Nxf4 19. g3 Nh5 20. Nc2 e5 21. Nd2 Na5 22. b3 Rac8 23. Nb4 e4 24. a4 Nxg3 (24... bxa4 $16 {was worth a try.} 25. bxa4 Ng7) 25. fxg3 $18 e3 26. Nb1 Nxb3 {[#]} 27. Rcd1 $1 bxa4 28. Nc2 a5 (28... Nd2 {was necessary.}) 29. Nxe3 a3 30. Nxa3 Rxc3 31. Kf2 {Accuracy: White = 70%, Black = 36%.} 1-0

[Event "V. Korchnoi Memorial 2019"]
[Site "St. Petersburg"]
[Date "2019.08.16"]
[Round "3.4"]
[White "Pecnik, Leo"]
[Black "Gareyev, Timur"]
[Result "0-1"]
[WhiteElo "2336"]
[BlackElo "2600"]
[Annotator "ChessBase"]
[PlyCount "82"]
[EventDate "2019.08.13"]
[EventType "swiss"]
[EventCountry "RUS"]
[SourceTitle "playchess.com"]
[Source "ChessBase"]
[SourceQuality "1"]
[TimeControl "5400+30"]

1. e4 {[%emt 0:00:00]} c6 {[%emt 0:08:10]} 2. Nf3 {[%emt 0:01:53]} d5 {[%emt 0:01:21]} 3. exd5 {[%emt 0:00:39]} cxd5 {[%emt 0:00:04]} 4. Ne5 {[%emt 0:00:06]} Nc6 {[%emt 0:06:49]} 5. d4 {[%emt 0:01:25]} e6 {[%emt 0:02:25]} 6. Bb5 {[%emt 0:05:56]} Bd7 {[%emt 0:14:27]} 7. Nxd7 {[%emt 0:00:40]} Qxd7 {[%emt 0:00:02]} 8. c3 {[%emt 0:00:13]} Bd6 {[%emt 0:00:52]} 9. Qg4 {[%emt 0:08:23]} f5 {[%emt 0:04:05]} 10. Qh5+ {[%emt 0:00:38]} Qf7 {[%emt 0:00:35]} 11. Qxf7+ {[%emt 0:01:22]} Kxf7 {[%emt 0:00:47]} 12. Nd2 {[%emt 0:00:22]} Nge7 {[%emt 0:00:56]} 13. Nf3 {[%emt 0:01:09]} a6 {[%emt 0:00:10]} 14. Bd3 {[%emt 0:02:00]} b5 {[%emt 0:03:25]} 15. O-O {[%emt 0:06:43]} h6 {[%emt 0:00:16]} 16. Re1 {[%emt 0:00:29]} g5 {[%emt 0:00:50]} 17. h3 {[%emt 0:06:42]} Kf6 {[%emt 0:07:04]} 18. Be3 {[%emt 0:09:27]} Rhc8 {[%emt 0:07:01]} 19. Re2 {[%emt 0:08:02]} Ng6 {[%emt 0:00:08]} 20. Rae1 {[%emt 0:01:48]} Re8 {[%emt 0:01:31]} 21. g4 {[%emt 0:09:48]} Re7 {[%emt 0:03:52]} 22. Bd2 {[%emt 0:08:05]} Bf4 {[%emt 0:01:11]} 23. gxf5 {[%emt 0:05:39]} exf5 {[%emt 0:00:14]} 24. Rxe7 {[%emt 0:00:18]} Ncxe7 {[%emt 0:00:06]} 25. Be3 {[%emt 0:01:02]} Nc6 {[%emt 0:05:25]} 26. Bf1 {[%emt 0:00:56]} h5 {[%emt 0:03:24]} 27. Bg2 {[%emt 0:02:25]} Rd8 {[%emt 0:00:30]} 28. Nd2 {[%emt 0:01:43]} g4 {[%emt 0:01:39]} 29. Nb3 {[%emt 0:04:19]} Bxe3 {[%emt 0:01:38]} 30. fxe3 {[%emt 0:00:05]} Nh4 {[%emt 0:00:08]} 31. Rf1 {[%emt 0:00:45]} Ne7 {[%emt 0:02:21]} 32. hxg4 {[%emt 0:02:29]} hxg4 {[%emt 0:00:03]} 33. Nc5 {[%emt 0:00:27]} a5 {[%emt 0:00:21]} 34. a4 {[%emt 0:01:13]} bxa4 {[%emt 0:00:10]} 35. Ra1 {[%emt 0:00:10]} Neg6 {[%emt 0:00:42]} 36. Rxa4 {[%emt 0:01:06]} Re8 {[%emt 0:00:30]} 37. Rxa5 {[%emt 0:00:43]} Rxe3 {[%emt 0:00:32]} 38. Ra6+ {[%emt 0:01:08]} Kg5 {[%emt 0:03:28]} 39. Bxd5 {[%emt 0:00:47]} Nf4 {[%emt 0:01:22]} 40. Ne6+ {[%emt 0:04:40]} Rxe6 {[%emt 0:00:16]} 41. Bxe6 {[%emt 0:01:13]} g3 {[%emt 0:00:05]} 0-1

[Event "V. Korchnoi Memorial 2019"]
[Site "St. Petersburg"]
[Date "2019.08.16"]
[Round "3.5"]
[White "Goganov, Aleksey"]
[Black "Lesovoi, Evgenij"]
[Result "1/2-1/2"]
[WhiteElo "2564"]
[BlackElo "2337"]
[Annotator "ChessBase"]
[PlyCount "118"]
[EventDate "2019.08.13"]
[EventType "swiss"]
[EventCountry "RUS"]
[SourceTitle "playchess.com"]
[Source "ChessBase"]
[SourceQuality "1"]
[TimeControl "5400+30"]

1. Nf3 {[%emt 0:00:00]} Nf6 {[%emt 0:00:14]} 2. c4 {[%emt 0:00:00]} e6 {[%emt 0:04:53]} 3. Nc3 {[%emt 0:00:00]} d5 {[%emt 0:00:58]} 4. e3 {[%emt 0:00:00]} Be7 {[%emt 0:02:26]} 5. b3 {[%emt 0:00:00]} b6 {[%emt 0:00:51]} 6. Bb2 {[%emt 0:03:29]} Bb7 {[%emt 0:01:59]} 7. cxd5 {[%emt 0:00:07]} exd5 {[%emt 0:00:32]} 8. d4 {[%emt 0:00:06]} Nbd7 {[%emt 0:05:46]} 9. Bd3 {[%emt 0:00:06]} Bd6 {[%emt 0:00:56]} 10. O-O {[%emt 0:01:56]} a6 {[%emt 0:00:23]} 11. Qc2 {[%emt 0:12:49]} O-O {[%emt 0:08:51]} 12. e4 {[%emt 0:00:14]} dxe4 {[%emt 0:03:22]} 13. Nxe4 {[%emt 0:00:05]} Nxe4 {[%emt 0:00:55]} 14. Bxe4 {[%emt 0:00:08]} Bxe4 {[%emt 0:00:04]} 15. Qxe4 {[%emt 0:00:05]} Nf6 {[%emt 0:00:08]} 16. Qc2 {[%emt 0:02:34]} Qd7 {[%emt 0:05:07]} 17. Ne5 {[%emt 0:01:03]} Qb5 {[%emt 0:00:20]} 18. Rae1 {[%emt 0:00:24]} Rfe8 {[%emt 0:03:37]} 19. Re3 {[%emt 0:02:41]} Re6 {[%emt 0:03:31]} 20. Rh3 {[%emt 0:08:55]} Rae8 {[%emt 0:02:31]} 21. f4 {[%emt 0:00:06]} Qd5 {[%emt 0:05:41]} 22. g4 {[%emt 0:01:15]} Qe4 {[%emt 0:02:01]} 23. Qxe4 {[%emt 0:00:26]} Nxe4 {[%emt 0:00:07]} 24. f5 {[%emt 0:04:08]} R6e7 {[%emt 0:02:36]} 25. Nc6 {[%emt 0:00:26]} Rd7 {[%emt 0:00:18]} 26. Re3 {[%emt 0:00:51]} Nf6 {[%emt 0:01:06]} 27. Rxe8+ {[%emt 0:00:11]} Nxe8 {[%emt 0:00:05]} 28. g5 {[%emt 0:11:40]} f6 {[%emt 0:09:28]} 29. g6 {[%emt 0:06:50]} hxg6 {[%emt 0:00:08]} 30. fxg6 {[%emt 0:00:03]} a5 {[%emt 0:00:08]} 31. Kg2 {[%emt 0:03:47]} Bb4 {[%emt 0:02:47]} 32. a3 {[%emt 0:00:07]} Be7 {[%emt 0:02:08]} 33. Re1 {[%emt 0:07:42]} Kf8 {[%emt 0:00:05]} 34. Kh3 {[%emt 0:06:54]} Nd6 {[%emt 0:19:05]} 35. a4 {[%emt 0:00:05]} Nc8 {[%emt 0:01:53]} 36. Rxe7 {[%emt 0:03:20]} Nxe7 {[%emt 0:00:16]} 37. Ba3 {[%emt 0:00:03]} Ke8 {[%emt 0:00:25]} 38. Nxe7 {[%emt 0:01:19]} c5 {[%emt 0:01:42]} 39. Nf5 {[%emt 0:00:04]} cxd4 {[%emt 0:00:32]} 40. Bc1 {[%emt 0:01:00]} Kf8 {[%emt 0:01:58]} 41. Kg4 {[%emt 0:00:17]} d3 {[%emt 0:01:53]} 42. Bd2 {[%emt 0:00:06]} Rd5 {[%emt 0:00:30]} 43. h4 {[%emt 0:00:24]} b5 {[%emt 0:01:17]} 44. h5 {[%emt 0:00:29]} bxa4 {[%emt 0:00:57]} 45. bxa4 {[%emt 0:00:58]} Re5 {[%emt 0:00:14]} 46. Ng3 {[%emt 0:06:37]} Rc5 {[%emt 0:01:55]} 47. Kf4 {[%emt 0:00:32]} Rc4+ {[%emt 0:00:16]} 48. Kf5 {[%emt 0:00:48]} Rc5+ {[%emt 0:04:07]} 49. Ke4 {[%emt 0:00:19]} Rc4+ {[%emt 0:00:02]} 50. Kf3 {[%emt 0:07:28]} Rxa4 {[%emt 0:00:49]} 51. h6 {[%emt 0:00:06]} gxh6 {[%emt 0:02:27]} 52. Bxh6+ {[%emt 0:00:06]} Ke8 {[%emt 0:00:18]} 53. Ne4 {[%emt 0:03:34]} Rd4 {[%emt 0:00:51]} 54. Be3 {[%emt 0:02:25]} Rd8 {[%emt 0:00:58]} 55. Bc5 {[%emt 0:00:25]} Kd7 {[%emt 0:00:08]} 56. Bb6 {[%emt 0:00:50]} Ra8 {[%emt 0:00:37]} 57. Nxf6+ {[%emt 0:00:24]} Ke6 {[%emt 0:00:06]} 58. Ne4 {[%emt 0:00:17]} Rg8 {[%emt 0:00:52]} 59. Bxa5 {[%emt 0:00:04]} Ke5 {[%emt 0:01:20]} 1/2-1/2

[Event "V. Korchnoi Memorial 2019"]
[Site "St. Petersburg"]
[Date "2019.08.16"]
[Round "3.6"]
[White "Ovchinnikov, Vsevolod"]
[Black "Stupak, Kirill"]
[Result "0-1"]
[WhiteElo "2316"]
[BlackElo "2561"]
[Annotator "ChessBase"]
[PlyCount "170"]
[EventDate "2019.08.13"]
[EventType "swiss"]
[EventCountry "RUS"]
[SourceTitle "playchess.com"]
[Source "ChessBase"]
[SourceQuality "1"]
[TimeControl "5400+30"]

1. d4 {[%emt 1:30:30]} g6 {[%emt 1:30:30]} 2. c4 {[%emt 0:00:30]} Bg7 {[%emt 0:00:30]} 3. Nf3 {[%emt 0:00:30]} Nf6 {[%emt 0:00:30]} 4. g3 {[%emt 0:00:30]} c5 {[%emt 0:00:30]} 5. d5 {[%emt 0:00:30]} O-O 6. Nc3 e6 7. Bg2 exd5 8. cxd5 d6 9. O-O Re8 10. Bf4 Na6 11. Re1 Bf5 12. Nd2 Nh5 13. e4 Nxf4 14. gxf4 Bc8 15. Nc4 {[%emt 0:05:00]} Bxc3 {[%emt 0:05:30]} 16. bxc3 {[%emt 0:00:30]} b5 {[%emt 0:00:30]} 17. Nd2 {[%emt 0:00:30]} Rb8 {[%emt 0:00:30]} 18. Re3 {[%emt 0:00:30]} Nc7 {[%emt 0:00:30]} 19. Nb3 {[%emt 0:00:30]} Bb7 {[%emt 0:00:30]} 20. Qd2 {[%emt 0:00:30]} Qh4 {[%emt 0:00:30]} 21. Rh3 {[%emt 0:00:30]} Qf6 {[%emt 0:00:30]} 22. Rg3 {[%emt 0:00:30]} Kh8 {[%emt 0:00:30]} 23. Rd1 {[%emt 0:00:30]} Rbd8 {[%emt 0:00:30]} 24. Qc1 {[%emt 0:00:30]} Ba8 {[%emt 0:00:30]} 25. Bf3 {[%emt 0:00:30]} Re7 {[%emt 0:00:30]} 26. Bg2 {[%emt 0:00:30]} Ne8 {[%emt 0:00:30]} 27. c4 {[%emt 0:00:30]} a6 {[%emt 0:00:30]} 28. Qc3 {[%emt 0:00:30]} Kg7 {[%emt 0:00:30]} 29. e5 {[%emt 0:00:30]} dxe5 {[%emt 0:00:30]} 30. fxe5 {[%emt 0:00:30]} Rxe5 {[%emt 0:00:30]} 31. Nxc5 {[%emt 0:00:30]} Nd6 {[%emt 0:00:30]} 32. Nd3 {[%emt 0:00:30]} Rf5 {[%emt 0:00:30]} 33. Qxf6+ {[%emt 0:00:30]} Rxf6 {[%emt 0:00:30]} 34. c5 {[%emt 0:00:30]} Nc4 {[%emt 0:00:30]} 35. d6 {[%emt 0:00:30]} Bxg2 {[%emt 0:00:30]} 36. Kxg2 {[%emt 0:00:30]} Rf5 {[%emt 0:00:30]} 37. a4 {[%emt 0:00:30]} Rd5 {[%emt 0:00:30]} 38. axb5 {[%emt 0:00:30]} axb5 39. Rb1 {[%emt 0:00:30]} h5 {[%emt 0:01:00]} 40. h4 {[%emt 0:00:30]} Kf8 {[%emt 0:00:30]} 41. Rb4 {[%emt 0:00:30]} Ra8 {[%emt 0:00:30]} 42. Rf3 {[%emt 0:00:30]} Kg7 {[%emt 0:00:30]} 43. Rxb5 {[%emt 0:00:30]} Nxd6 {[%emt 0:00:30]} 44. Rb4 {[%emt 0:00:30]} Nf5 {[%emt 0:00:30]} 45. Rc4 {[%emt 0:00:30]} Rc8 {[%emt 0:00:30]} 46. Kh3 {[%emt 0:00:30]} Kf6 {[%emt 0:00:30]} 47. Rb4 {[%emt 0:00:30]} Rc7 {[%emt 0:00:30]} 48. Rc4 {[%emt 0:00:30]} Kg7 {[%emt 0:00:30]} 49. Rc3 {[%emt 0:00:30]} Nd4 {[%emt 0:00:30]} 50. Re3 {[%emt 0:00:30]} Ne6 51. Re4 {[%emt 0:00:30]} Rcd7 {[%emt 0:01:00]} 52. Ne5 {[%emt 0:00:30]} Rxc5 {[%emt 0:00:30]} 53. Nxd7 {[%emt 0:00:30]} Rxc3+ {[%emt 0:00:30]} 54. Kg2 {[%emt 0:00:30]} Rd3 {[%emt 0:00:30]} 55. Ne5 {[%emt 0:00:30]} Rd5 {[%emt 0:00:30]} 56. Nf3 {[%emt 0:00:30]} Kf6 {[%emt 0:00:30]} 57. Rb4 {[%emt 0:00:30]} Kf5 {[%emt 0:00:30]} 58. Ra4 {[%emt 0:00:30]} f6 {[%emt 0:00:30]} 59. Nh2 {[%emt 0:00:30]} Nf4+ {[%emt 0:00:30]} 60. Kg3 Rd3+ {[%emt 0:00:30]} 61. f3 {[%emt 0:01:00]} Ne2+ {[%emt 0:00:30]} 62. Kf2 {[%emt 0:00:30]} Nc3 {[%emt 0:00:30]} 63. Rc4 {[%emt 0:00:30]} Rd2+ {[%emt 0:00:30]} 64. Kg1 {[%emt 0:00:30]} Ne2+ {[%emt 0:00:30]} 65. Kf2 {[%emt 0:00:30]} Nf4+ {[%emt 0:00:30]} 66. Kg1 Rg2+ {[%emt 0:00:30]} 67. Kh1 {[%emt 0:01:00]} Rg3 {[%emt 0:00:30]} 68. Rc5+ {[%emt 0:00:30]} Ke6 69. Rc3 {[%emt 0:00:30]} Rh3 {[%emt 0:01:00]} 70. Rc6+ {[%emt 0:00:30]} Ke5 {[%emt 0:00:30]} 71. Rc5+ {[%emt 0:00:30]} Kd6 {[%emt 0:00:30]} 72. Rc2 {[%emt 0:00:30]} Rxh4 {[%emt 0:00:30]} 73. Kg1 Rh3 {[%emt 0:00:30]} 74. Rc4 {[%emt 0:01:00]} g5 {[%emt 0:00:30]} 75. Ra4 {[%emt 0:00:30]} Rg3+ {[%emt 0:00:30]} 76. Kf1 {[%emt 0:00:30]} Rh3 {[%emt 0:00:30]} 77. Kg1 {[%emt 0:00:30]} Ke5 {[%emt 0:00:30]} 78. Ra5+ {[%emt 0:00:30]} Ke6 {[%emt 0:00:30]} 79. Ra6+ {[%emt 0:00:30]} Kf5 {[%emt 0:00:30]} 80. Ra5+ {[%emt 0:00:30]} Kg6 {[%emt 0:00:30]} 81. Ra4 {[%emt 0:00:30]} Rg3+ {[%emt 0:00:30]} 82. Kf1 {[%emt 0:00:30]} h4 {[%emt 0:00:30]} 83. Ra2 {[%emt 0:00:30]} h3 {[%emt 0:00:30]} 84. Rf2 {[%emt 0:00:30]} f5 {[%emt 0:00:30]} 85. Rd2 {[%emt 0:00:30]} Rg2 {[%emt 0:00:30]} 0-1